| 000 | 00806cab a2200265 4500 | ||
|---|---|---|---|
| 001 | WB3503-27 | ||
| 008 | 090401t1999 xxu||||| |||| 00| 0 eng d | ||
| 035 | _a(Sirsi) u90853 | ||
| 041 | _aeng | ||
| 245 | _aCapital rents tumble | ||
| 260 | _c1999 | ||
| 350 | _a0 | ||
| 490 |
_aScotsman _v21 January 1999, 2.1(2) |
||
| 520 | _aResidential rents in Edinburgh are tumbling due to an oversupply of accommodation. Many people bought properties to let in anticipation of extra demand when the Scottish Parliament opens. | ||
| 650 | _aEDINBURGH | ||
| 650 | _aPRIVATE RENTED SECTOR | ||
| 650 | _aRENTAL LEVELS | ||
| 650 | _aRESIDENTIAL LETTINGS | ||
| 650 | _aRESIDENTIAL RENTS | ||
| 650 | _aSCOTLAND | ||
| 650 | _aSCOTTISH PARLIAMENT | ||
| 690 | _aHOUSING | ||
| 942 | _n0 | ||
| 948 | _c22/01/1999 | ||
| 999 |
_c57631 _d57631 |
||